00510nam a2200181Ia 450000500170000000800410001702000180005804100120007608200160008810000320010424500520013626000280018830000210021665000290023765000220026665000210028870000190030920260429111945.0260429s9999||||xx |||||||||||||| ||und|| a9788126578511 aEnglish a006.31bSRI aSrinivasaraghavan, Anuradha 0aMachine learning / cAnuradha Srinivasaraghavan aIndia : bWiley,c2019. axix, 308 p.; pbk a Artificial intelligence a Machine learning aComputer science a Joseph, Vincy